header

The new bureaucracy (Record no. 3472)

MARC details
000 -LEADER
fixed length control field 01262nam a2200325Ia 4500
100 1# - MAIN ENTRY--AUTHOR NAME
Personal name Travers, Max.
245 14 - TITLE STATEMENT
Title The new bureaucracy
260 ## - PUBLICATION, DISTRIBUTION, ETC. (IMPRINT)
Place of publication Bristol, UK :
Name of publisher Policy Press,
Year of publication 2007.
300 ## - PHYSICAL DESCRIPTION
Number of Pages vi, 202 p.
650 #0 - SUBJECT ADDED ENTRY--TOPICAL TERM
Topical Term Total quality management in government.
Topical Term Public administration
Topical Term Organizational change.
856 40 - ELECTRONIC LOCATION AND ACCESS
Uniform Resource Identifier http://site.ebrary.com/lib/rucke/Doc?id=10281199

No items available.

© 2026 Rongo University
Contact us: librarian | system librarian | Rongo university